000 00428nam a2200181Ia 4500
003 0100
008 130303s9999 xx 000 0 und d
040 _cARRUPELIB
050 _aHN800.Z32Z84 1970
100 _aZulu, J.B
245 _aZambian humanism
245 _bSome major spiritual and economic challenges
260 _aLusaka
260 _bNational Educational Co.
260 _C1970
300 _a86p
942 0 0 _02
999 _c34247
_d34247